| 000 | 01662nam a2200253 c 4500 | ||
|---|---|---|---|
| 001 | 000003535 | ||
| 003 | RuMoIPM | ||
| 005 | 20220507230257.0 | ||
| 008 | 150420s2015 ru a||p|||||||||||||rus d | ||
| 020 | _a978-5-00019-331-0 | ||
| 035 | _a(RuMoIPM Bibliobus) 003749 | ||
| 040 |
_aRuMoIPM _brus _ercr |
||
| 080 | _a004.652.032.24 | ||
| 245 | 0 | 0 |
_aРайхлин Вадим Абрамович. Параллельные СУБД консервативного типа _b(организация и поведение) _cРайхлин В.А., Минчзев Р.Ш., Абрамов Е.В. ; Акад. наук Респ. Татарстан, Респ. науч. семинар "Методы моделирования" |
| 260 |
_aКазань _bИзд-во Казан. ун-та _c2015 |
||
| 300 |
_a118 с. _bил., табл. |
||
| 504 | _aБиблиогр.: с. 110-115 | ||
| 700 | 0 | _aРайхлин, Вадим Абрамович | |
| 700 | 0 | _aМинчзев, Р. Ш. | |
| 700 | 0 | _aАбрамов, Евгений Викторович | |
| 700 | 0 | _aМинязев, Ринат Шавкатович | |
| 887 |
_aРайхлин Вадим Абрамович. Параллельные СУБД консервативного типа : (организация и поведение) / Райхлин В.А., Минчзев Р.Ш., Абрамов Е.В. ; Акад. наук Респ. Татарстан, Респ. науч. семинар "Методы моделирования". — Казань : Изд-во Казан. ун-та, 2015. — 118 с. : ил., табл. — Библиогр.: с. 110-115. — ISBN 978-5-00019-331-0. _2Bibliobus |
||
| 942 | _cBK | ||
| 999 |
_c3535 _d3535 |
||